Statistics for Countries with Oldest Famous Centers of Learning

Click here to take the quiz!

General Stats

  • This quiz has been taken 28 times
  • The average score is 20 of 25

Answer Stats

YearModern CountryCentre of LearningFounded in/by% Correct
3ChinaTaixueEmperor Ping of Han, Chang’an
96%
970EgyptAl-AzharCairo
96%
~300 BCEgyptMouseionAlexandria
96%
489IranJondishapurSassanid Empire, Persia
96%
1088ItalyBolognaHoly Roman Empire
96%
992South KoreaSungkyunkwanSeoul
96%
425TurkeyPandidakterionConstantinople
96%
200sIndiaNagarjunakondaIkshvaku Dynasty, Andhra Pradesh
92%
1096UKOxfordKingdom of England
92%
428 BCGreeceThe AcademyPlato
88%
335 BCGreecePeripatetic SchoolAristotle
88%
~200sIndiaPushpagiriChola Dynasty, Andhra Pradesh
88%
1076VietnamQuốc Tu GiámEmperor Lý Thánh Tông, Hanoi
88%
5th centuryIndiaNalandakingdom of Magadha, Gupta Empire
85%
671JapanDaigakuryoEmperor Tenji
85%
1065IraqAl-NizamiyyahNizam-al-Mulk, Persia
77%
800sJapanAshikaga GakkoAshikaga, Tochigi
77%
1000sIndiaJagaddalaPala King Ramapala, Varendra
62%
859MoroccoAl-KaraouineFatima-al-Fihri, Fez
62%
682North KoreaGukhakKing Sinmun, Kaesong
58%
1004EgyptDar Al-HakmahFatimid Caliphate
54%
700sIndiaOdantapuraPala Emperor Gopala I
54%
372(South?) KoreaTaehakGoguryeo Kingdom
54%
5thC BCPakistanTakshashila (Ancient Taxila)Achaemenid Empire
46%
700sBangladeshSomapuraPala King Dharmapala, Naogaon
42%

Score Distribution

Percentile by Number Answered

Percent of People with Each Score

Your Score History

You have not taken this quiz